| 000 | 00394cam a22001217a 4500 | ||
|---|---|---|---|
| 008 | 180718b1976 xxu||||| |||| 00| 0 eng d | ||
| 082 | _aR7x54 T187 | ||
| 100 | _aTata, Naval H. | ||
| 245 |
_aIn pursuit of industrial harmony: an employer's perspective _cby Naval H. Tata |
||
| 260 |
_aBombay _bNational Institute of Labour Management _c1976 |
||
| 300 | _a267p. | ||
| 650 | _aLabour relations - India | ||
| 999 |
_c355285 _d355285 |
||